|
|
|
|
| LEADER |
00965nnm a2200301 i 4500 |
| 001 |
eta156 |
| 005 |
20181012132131.0 |
| 008 |
180515s2006 hu o 0|| eng d |
| 020 |
|
|
|a 963-9704-91-1
|
| 040 |
|
|
|a SZTE Elektronikus Tananyag Archívum
|b hun
|
| 041 |
|
|
|a eng
|
| 100 |
1 |
|
|a Górász Judit
|
| 245 |
1 |
0 |
|a First steps in theoretical and applied linguistics
|h [elektronikus dokumentum] /
|c Górász Judit
|
| 260 |
|
|
|a Bölcsész Konzorcium
|b Budapest
|c 2006
|
| 300 |
|
|
|a 210
|
| 516 |
|
|
|a Book
|
| 650 |
|
4 |
|a Bölcsészettudományok
|
| 650 |
|
4 |
|a Nyelvek és irodalom
|
| 650 |
|
4 |
|a Nyelvészet
|
| 700 |
0 |
1 |
|a Richter Borbála
|
| 700 |
0 |
1 |
|a Horváth József
|e aut
|
| 700 |
0 |
1 |
|a Kenesei Andrea
|e aut
|
| 700 |
0 |
1 |
|a Kiszely Zoltán
|e aut
|
| 700 |
0 |
2 |
|a Lázár A. Péter
|e aut
|
| 700 |
0 |
2 |
|a Richter Borbála
|e aut
|
| 700 |
0 |
2 |
|a Szemere Pál
|e aut
|
| 700 |
0 |
2 |
|a Szitó Judit
|e aut
|
| 856 |
4 |
0 |
|u https://eta.bibl.u-szeged.hu/156/1/hefop_117_digitalis.pdf
|z Dokumentum-elérés
|